000
00201 a2200097 4500
001
4363
100
_a
Millman,J
245
_a
Pulse digital circuits
260
_a
_b
Mcgrawhill
_c
090
_c
3561
_d
3561
942
_a
NUST-CAE
_c
M
_c
28458
999
_c
239436
_d
239436